|
|
|
|
| LEADER |
01079cam a2200253 7i4500 |
| 001 |
0000030662 |
| 005 |
20180518090000.0 |
| 008 |
091021 eng |
| 020 |
|
|
|a 9781405187954 (hbk.)
|
| 020 |
|
|
|a 9781405187947 (pbk.)
|
| 090 |
0 |
0 |
|a HM1206
|b .D43 2009
|
| 245 |
0 |
0 |
|a Development communication :
|b reframing the role of the media
|c edited by Thomas L. McPhail.
|
| 260 |
|
|
|a Malden, MA:
|b Wiley-Blackwell,
|c 2009.
|
| 300 |
|
|
|a xiii, 239 p.;
|c 23 cm.
|
| 650 |
0 |
0 |
|a Telecommunication --
|z Developing countries
|
| 650 |
0 |
0 |
|a Mass media --
|z Developing countries
|
| 650 |
0 |
0 |
|a Communication --
|x Social aspects
|
| 700 |
1 |
|
|a McPhail, Thomas L.
|
| 997 |
|
|
|a Communication, Visual Art & Computing, Faculty
|b Communication, Department
|
| 997 |
|
|
|a Communication, Visual Art & Computing, Faculty
|b Visual Art, Department
|
| 998 |
|
|
|a Media & Communication, Diploma
|
| 999 |
|
|
|a 0000037703
|b BOK
|c OPEN SHELF
|e 1st Floor, Bestari Jaya
|
| 999 |
|
|
|a 0000042271
|b BOK
|c OPEN SHELF
|e 1st Floor, Bestari Jaya
|
| 999 |
|
|
|a 0000062971
|b BOK
|c OPEN SHELF
|e 1st Floor, Bestari Jaya
|